[Event "BL 8889 München 36-Kreuzberg"]
[Site "?"]
[Date "1989.??.??"]
[Round "?.5"]
[White "Lehmann, K."]
[Black "Kaiser, W."]
[Result "1-0"]
[WhiteElo "2325"]
[BlackElo "2360"]
[PlyCount "39"]
[EventDate "1989.??.??"]

1. e4 d6 2. d4 Nf6 3. Nc3 g6 4. Nf3 Bg7 5. Be2 O-O 6. O-O b6 7. Re1 Bb7 8. e5
dxe5 9. Nxe5 e6 10. Bf3 Qc8 11. Bg5 c6 12. Qd2 Nd5 13. Bh6 Bxh6 14. Qxh6 Nxc3
15. bxc3 c5 16. Re3 cxd4 17. cxd4 Na6 18. Bc6 Qc7 19. Rh3 f6 20. Bd7 1-0

[Event "BL 8889 München 36-Kreuzberg"]
[Site "?"]
[Date "1989.??.??"]
[Round "?.6"]
[White "Bartelborth, T."]
[Black "Federau, J."]
[Result "1-0"]
[WhiteElo "2210"]
[BlackElo "2300"]
[PlyCount "73"]
[EventDate "1989.??.??"]

1. c4 e6 2. Nf3 d5 3. d4 Nf6 4. Bg5 Be7 5. e3 O-O 6. Nc3 Nbd7 7. Qc2 b6 8. cxd5
exd5 9. Be2 Bb7 10. O-O c5 11. Rfd1 Rc8 12. Rac1 a6 13. h3 Re8 14. Qf5 g6 15.
Qb1 Ne4 16. Bf4 Nxc3 17. Rxc3 Bf6 18. Rcc1 Qe7 19. Bf1 Red8 20. b3 Nf8 21. Be5
Ne6 22. Qb2 Kg7 23. g3 Bxe5 24. Nxe5 cxd4 25. Rxc8 Rxc8 26. Nf3 Qb4 27. Nxd4
Qc3 28. Qe2 Nc5 29. Qg4 Ne4 30. Bg2 h5 31. Qd7 Ba8 32. Bxe4 dxe4 33. Ne6+ Kg8
34. Qe7 Bc6 35. Nd8 Qg7 36. Nxc6 Rxc6 37. Qe8+ 1-0

[Event "BL 8889 München 36-Kreuzberg"]
[Site "?"]
[Date "1989.??.??"]
[Round "?.7"]
[White "Konieczka, F."]
[Black "Goetz, R."]
[Result "1/2-1/2"]
[WhiteElo "2225"]
[BlackElo "2275"]
[PlyCount "22"]
[EventDate "1989.??.??"]

1. e4 c5 2. Nf3 Nc6 3. d3 g6 4. g3 Bg7 5. Bg2 e6 6. O-O Nge7 7. Nbd2 d5 8. Re1
b6 9. e5 Qc7 10. Qe2 g5 11. Nxg5 Qxe5 1/2-1/2

[Event "BL 8889 Bayern-Lasker"]
[Site "?"]
[Date "1989.??.??"]
[Round "?.1"]
[White "Brunner, L."]
[Black "Ribli, Z."]
[Result "1/2-1/2"]
[WhiteElo "2425"]
[BlackElo "2630"]
[PlyCount "86"]
[EventDate "1989.??.??"]

1. e4 c5 2. Nf3 d6 3. d4 cxd4 4. Nxd4 Nf6 5. Nc3 a6 6. Be2 e6 7. O-O Be7 8. f4
O-O 9. Kh1 Qc7 10. Qe1 b5 11. Bf3 Bb7 12. e5 Ne8 13. f5 dxe5 14. fxe6 Bxf3 15.
exf7+ Rxf7 16. Nxf3 Nd7 17. Bg5 Bf8 18. Bh4 Qc4 19. Rd1 Rc8 20. Rxd7 Rxd7 21.
Nxe5 Qe6 22. Nxd7 Qxd7 23. Qe4 h6 24. Nd5 Rc4 25. Qf3 Rxh4 26. Qxf8+ Kh7 27.
Ne7 Qe6 28. Qxe8 Re4 29. h3 Re1 30. Qf8 Rxf1+ 31. Qxf1 Qxe7 32. b3 Qe5 33. c4
bxc4 34. bxc4 h5 35. Qc1 Qc5 36. Qf4 g6 37. Kh2 Kg7 38. h4 a5 39. a4 Qb4 40.
Qe5+ Kh7 41. Qc7+ Kh6 42. Qe5 Kh7 43. Qb5 Qe7 1/2-1/2

[Event "BL 8889 Bayern-Lasker"]
[Site "?"]
[Date "1989.??.??"]
[Round "?.2"]
[White "Kindermann, S."]
[Black "Berg, K."]
[Result "1-0"]
[WhiteElo "2525"]
[BlackElo "2385"]
[PlyCount "61"]
[EventDate "1989.??.??"]

1. e4 c5 2. Nf3 Nc6 3. d4 cxd4 4. Nxd4 Nf6 5. Nc3 e5 6. Ndb5 d6 7. Bg5 a6 8.
Na3 b5 9. Nd5 Qa5+ 10. Bd2 Qd8 11. Nxf6+ Qxf6 12. Bd3 d5 13. exd5 Nb4 14. Be4
Qh4 15. Bf3 f5 16. O-O e4 17. Bh5+ g6 18. Bc3 gxh5 19. Bxh8 Bd6 20. f4 Bb7 21.
Be5 Bxe5 22. fxe5 Nxd5 23. Rxf5 O-O-O 24. Qxh5 Qe7 25. c3 Qc5+ 26. Kh1 Ne3 27.
Rf7 Kb8 28. Re1 Nxg2 29. Qg5 Qd5 30. Rxb7+ Kxb7 31. Qxg2 1-0

[Event "BL 8889 Bayern-Lasker"]
[Site "?"]
[Date "1989.??.??"]
[Round "?.4"]
[White "Bischoff, K."]
[Black "Muse, M."]
[Result "1/2-1/2"]
[WhiteElo "2510"]
[BlackElo "2380"]
[PlyCount "83"]
[EventDate "1989.??.??"]

1. c4 Nf6 2. Nc3 g6 3. e4 d6 4. d4 Bg7 5. Nf3 O-O 6. Be2 c5 7. O-O cxd4 8. Nxd4
Nc6 9. Be3 Bd7 10. Qd2 Ng4 11. Bxg4 Bxg4 12. Nxc6 bxc6 13. Bh6 Bxh6 14. Qxh6
Be6 15. b3 Qa5 16. Rac1 Rae8 17. Rfe1 f5 18. exf5 Bxf5 19. Qd2 Rf7 20. Re3 Ref8
21. Rce1 Qc7 22. R3e2 Bg4 23. f3 Bf5 24. Kh1 Rg7 25. Qg5 Rf6 26. Ne4 Bxe4 27.
Rxe4 Rgf7 28. h3 Kg7 29. Qe3 Kf8 30. Qd4 Kg8 31. Qc3 Rf5 32. Re6 R5f6 33. R6e3
Rf5 34. Re6 R5f6 35. R6e3 Rf5 36. R1e2 Qd7 37. Kg1 Qc7 38. Qe1 Kf8 39. Re6 R5f6
40. Qc3 Kg8 41. R6e3 Rf5 42. Re6 1/2-1/2

[Event "BL 8889 Bayern-Lasker"]
[Site "?"]
[Date "1989.??.??"]
[Round "?.5"]
[White "Junge, R."]
[Black "Hertneck, G."]
[Result "1/2-1/2"]
[WhiteElo "2370"]
[BlackElo "2435"]
[PlyCount "120"]
[EventDate "1989.??.??"]

1. e4 e6 2. d4 d5 3. exd5 exd5 4. Nf3 Bd6 5. c4 c6 6. Bd3 Ne7 7. O-O O-O 8. Nc3
dxc4 9. Bxc4 Nd7 10. Bg5 Nb6 11. Bb3 Kh8 12. Bxe7 Qxe7 13. Re1 Be6 14. Bxe6
fxe6 15. Re4 Rae8 16. Qe2 Rf4 17. Re1 Rxe4 18. Qxe4 Kg8 19. Qg4 h6 20. Nh4 Qf7
21. Ng6 Nd7 22. Ne5 Qf5 23. Qxf5 exf5 24. Nf3 Rxe1+ 25. Nxe1 Kf7 26. Kf1 Ke6
27. h3 Nf6 28. Ke2 b5 29. Kd3 a6 30. Nc2 g5 31. Nd1 h5 32. f3 Nd5 33. Nde3 Nf4+
34. Kd2 c5 35. dxc5 Bxc5 36. a3 h4 37. Ne1 Bd4 38. b3 Bc5 39. a4 Bb4+ 40. Kd1
Ke5 41. N1c2 Bc3 42. axb5 axb5 43. Na3 Bd4 44. Nac2 Bb6 45. Kd2 Bc5 46. Kc3 Nh5
47. Nf1 Ng7 48. Ne1 Ne6 49. Nd3+ Kd5 50. Kd2 Bb6 51. Ne3+ Bxe3+ 52. Kxe3 Nc5
53. Nc1 Ke5 54. b4 Ne6 55. Ne2 Kd5 56. Kd3 Kd6 57. Kd2 Nc7 58. f4 gxf4 59. Nxf4
Nd5 60. Ng6 Nxb4 1/2-1/2

[Event "BL 8889 Bayern-Lasker"]
[Site "?"]
[Date "1989.??.??"]
[Round "?.6"]
[White "Schlosser, P."]
[Black "Breutigam, M."]
[Result "1-0"]
[WhiteElo "2385"]
[BlackElo "2300"]
[PlyCount "65"]
[EventDate "1989.??.??"]

1. d4 d5 2. Nf3 c5 3. c4 e6 4. cxd5 exd5 5. g3 Nf6 6. Bg2 Be7 7. O-O O-O 8.
dxc5 Bxc5 9. a3 Ne4 10. b4 Qf6 11. Ra2 Bb6 12. Bb2 Qh6 13. Nc3 Be6 14. Nxd5 Rd8
15. Nxb6 Rxd1 16. Rxd1 Nc6 17. Nxa8 Bxa2 18. b5 Kf8 19. bxc6 Qxc6 20. Nd4 Qa4
21. Ra1 Nd2 22. Bc3 Nb1 23. Bb4+ Kg8 24. Rxa2 Qd1+ 25. Bf1 Qxd4 26. Rc2 h5 27.
Nc7 a5 28. Bxa5 Qa4 29. Rc5 Nxa3 30. Nd5 Nc4 31. Bb4 Nd6 32. e3 Qd1 33. Ne7+
1-0

[Event "BL 8889 Bayern-Lasker"]
[Site "?"]
[Date "1989.??.??"]
[Round "?.7"]
[White "Busch, K."]
[Black "Hecht, H."]
[Result "0-1"]
[WhiteElo "2340"]
[BlackElo "2430"]
[PlyCount "52"]
[EventDate "1989.??.??"]

1. Nf3 Nf6 2. c4 e6 3. g3 b6 4. Bg2 Bb7 5. Nc3 Be7 6. d4 Ne4 7. Bd2 Bf6 8. Rc1
Bxd4 9. Nxd4 Nxc3 10. Bxb7 Nxd1 11. Rxd1 c6 12. Bf4 O-O 13. Bd6 Re8 14. O-O a5
15. Bxa8 Qc8 16. c5 bxc5 17. Nb3 Qa6 18. Bxb8 Rxb8 19. Rxd7 Rxa8 20. Rfd1 h5
21. Re7 Qxe2 22. Rdd7 Qxb2 23. Kg2 c4 24. Nd4 Rf8 25. Nf3 c3 26. Ng5 c2 0-1

[Event "BL 8889 Solingen-Koblenz"]
[Site "?"]
[Date "1989.??.??"]
[Round "?.1"]
[White "Garcia Palermo, C."]
[Black "Spassky, B."]
[Result "1/2-1/2"]
[WhiteElo "2455"]
[BlackElo "2560"]
[PlyCount "30"]
[EventDate "1989.??.??"]

1. d4 Nf6 2. Nf3 e6 3. c4 Bb4+ 4. Bd2 Bxd2+ 5. Qxd2 d5 6. e3 O-O 7. Be2 Qe7 8.
O-O dxc4 9. Na3 Rd8 10. Nxc4 c5 11. Rfd1 Nc6 12. Na5 Nxa5 13. Qxa5 cxd4 14.
Rxd4 Rxd4 15. Nxd4 e5 1/2-1/2

[Event "BL 8889 Solingen-Koblenz"]
[Site "?"]
[Date "1989.??.??"]
[Round "?.2"]
[White "Kavalek, L."]
[Black "Braga, F."]
[Result "1/2-1/2"]
[WhiteElo "2565"]
[BlackElo "2430"]
[PlyCount "49"]
[EventDate "1989.??.??"]

1. e4 e6 2. d4 d5 3. Nc3 Bb4 4. e5 Ne7 5. Bd2 O-O 6. Bd3 c5 7. Qh5 Nf5 8. dxc5
f6 9. Nf3 Nc6 10. Bxf5 exf5 11. exf6 Qxf6 12. O-O Be6 13. Ng5 h6 14. Nxe6 Qxe6
15. Rfe1 Qd7 16. Rad1 Bxc5 17. Bxh6 d4 18. Bg5 Rae8 19. Ne2 Qe6 20. Bd2 Qxa2
21. Nf4 Ne5 22. Nd3 Bd6 23. f4 Qf7 24. Qxf7+ Nxf7 25. Bb4 1/2-1/2

[Event "BL 8889 Solingen-Koblenz"]
[Site "?"]
[Date "1989.??.??"]
[Round "?.3"]
[White "Doncevic, D."]
[Black "Lobron, E."]
[Result "1/2-1/2"]
[WhiteElo "2370"]
[BlackElo "2530"]
[PlyCount "131"]
[EventDate "1989.??.??"]

1. e4 c5 2. c3 e6 3. d4 d5 4. exd5 exd5 5. Nf3 Nc6 6. Be3 c4 7. b3 cxb3 8. axb3
Bd6 9. Bd3 h6 10. O-O Nf6 11. Bc1 O-O 12. Ba3 Bg4 13. Re1 Rc8 14. h3 Bxf3 15.
Qxf3 Bxa3 16. Nxa3 a6 17. Nc2 g6 18. Ne3 Qd6 19. Ng4 Nxg4 20. Qxg4 Kg7 21. Re3
Rce8 22. Rae1 Rxe3 23. Rxe3 b5 24. b4 Ne7 25. Qe2 Ng8 26. Re8 Rxe8 27. Qxe8 Nf6
28. Qe3 Nd7 29. Bc2 Nb6 30. Bb3 Qe6 31. Qf3 Qe1+ 32. Kh2 Qe4 33. Qg3 g5 34. Qd6
Qf4+ 35. Qxf4 gxf4 36. g3 Kf6 37. gxf4 Ke6 38. Kg3 Na4 39. f5+ Kd6 40. Kg4 Nxc3
41. Kh5 Ne2 42. Kxh6 Nxd4 43. Bd1 Ke5 44. Kg5 f6+ 45. Kg6 Nxf5 46. Bg4 Nh4+ 47.
Kh5 Nf5 48. Kg6 Nh4+ 49. Kh5 Ng2 50. Bc8 Nf4+ 51. Kg4 f5+ 52. Kf3 Nxh3 53. Bxa6
Ng5+ 54. Kg2 f4 55. Bxb5 Kd6 56. Kf1 Nf3 57. Be8 d4 58. Ke2 Ne5 59. Kd2 Kd5 60.
Bb5 Ke4 61. Ba6 Kd5 62. Ke2 Kd6 63. Kd2 Nc6 64. Kd3 Nxb4+ 65. Kxd4 Nxa6 66. Ke4
1/2-1/2

[Event "BL 8889 Solingen-Koblenz"]
[Site "?"]
[Date "1989.??.??"]
[Round "?.4"]
[White "Lau, R."]
[Black "Wolf, V."]
[Result "1-0"]
[WhiteElo "2495"]
[BlackElo "2330"]
[PlyCount "73"]
[EventDate "1989.??.??"]

1. e4 Nf6 2. e5 Nd5 3. d4 d6 4. Nf3 dxe5 5. Nxe5 g6 6. Bc4 Be6 7. Qe2 Bg7 8.
O-O Nd7 9. Nf3 h6 10. Bb3 c6 11. h3 O-O 12. c4 Nc7 13. Nc3 Nf6 14. Bf4 g5 15.
Bh2 Bf5 16. Rad1 e6 17. Ne5 Nd7 18. f4 Nxe5 19. fxe5 Bg6 20. Ne4 b5 21. Nf6+
Bxf6 22. Rxf6 bxc4 23. Bc2 Kg7 24. Bxg6 fxg6 25. Qe4 Rxf6 26. exf6+ Kf7 27. Re1
Rc8 28. Bxc7 Rxc7 29. Qxe6+ Kf8 30. Qxc4 Rd7 31. Qc5+ Kf7 32. Qxc6 Rd6 33. Qb7+
Rd7 34. Qxd7+ Qxd7 35. Re7+ Qxe7 36. fxe7 Kxe7 37. Kf2 1-0

[Event "BL 8889 Solingen-Koblenz"]
[Site "?"]
[Date "1989.??.??"]
[Round "?.5"]
[White "Bayer, E."]
[Black "Schulte, O."]
[Result "1/2-1/2"]
[WhiteElo "2370"]
[BlackElo "2430"]
[PlyCount "90"]
[EventDate "1989.??.??"]

1. d4 Nf6 2. c4 e6 3. Nf3 c5 4. d5 exd5 5. cxd5 d6 6. Nc3 g6 7. g3 Bg7 8. Bg2
O-O 9. O-O Nbd7 10. Nd2 Qe7 11. h3 a6 12. a4 Rb8 13. Nc4 Ne5 14. Na3 Nh5 15. e4
f5 16. exf5 Bxf5 17. Re1 Qf7 18. Be3 Nf6 19. Bxc5 Ne8 20. Ba7 Ra8 21. Bd4 Bxh3
22. Bxh3 Nf3+ 23. Kg2 Nxd4 24. f4 Nc7 25. Nc4 Rad8 26. Nb6 Kh8 27. Re4 Nf5 28.
Qd3 Rfe8 29. Rae1 Rxe4 30. Rxe4 Re8 31. b3 Rxe4 32. Nxe4 Nxd5 33. Nxd5 Qxd5 34.
Qxd5 Ne3+ 35. Kf3 Nxd5 36. Bc8 b5 37. Bxa6 bxa4 38. bxa4 Nc3 39. Bb5 Nxe4 40.
Kxe4 Bc3 41. g4 Kg7 42. Bd3 Kf6 43. Bc4 Bd2 44. Bd5 Ba5 45. Kd3 Be1 1/2-1/2

[Event "BL 8889 Solingen-Koblenz"]
[Site "?"]
[Date "1989.??.??"]
[Round "?.6"]
[White "Zysk, R."]
[Black "Seul, G."]
[Result "0-1"]
[WhiteElo "2395"]
[BlackElo "2315"]
[PlyCount "70"]
[EventDate "1989.??.??"]

1. d4 Nf6 2. Nf3 e6 3. c4 d5 4. Nc3 Be7 5. Bg5 O-O 6. e3 Nbd7 7. Bd3 c5 8. O-O
cxd4 9. exd4 dxc4 10. Bxc4 a6 11. a4 Nb6 12. Bb3 Bd7 13. Ne5 Bc6 14. Re1 Nbd5
15. Rc1 Qa5 16. Bxd5 Nxd5 17. Nxc6 bxc6 18. Nxd5 Bxg5 19. Rc5 Qd8 20. Nb4 Bf6
21. Nxc6 Qd6 22. b4 Rac8 23. Qc2 Rc7 24. Qc4 Rd7 25. Rd1 Qf4 26. h3 g6 27. a5
Ra8 28. Rd3 Kg7 29. Rf3 Qd2 30. Qd3 Qe1+ 31. Kh2 Be7 32. Re5 Bd6 33. g3 Bxe5
34. Nxe5 Rc7 35. Nxf7 Rc1 0-1

[Event "BL 8889 Solingen-Koblenz"]
[Site "?"]
[Date "1989.??.??"]
[Round "?.7"]
[White "Bohn, T."]
[Black "Schneider, B1."]
[Result "1-0"]
[WhiteElo "2205"]
[BlackElo "2365"]
[PlyCount "121"]
[EventDate "1989.??.??"]

1. f4 g6 2. Nf3 Bg7 3. e4 c6 4. d3 d5 5. Qe2 Nf6 6. e5 Nfd7 7. d4 e6 8. Be3 Bf8
9. Qf2 c5 10. c3 Qb6 11. a3 c4 12. Bc1 Nc6 13. Nbd2 Na5 14. Be2 Qc7 15. O-O Nb6
16. h3 Bd7 17. Nh2 h5 18. Ndf3 Nb3 19. Rb1 Be7 20. Ng5 Na4 21. Be3 a5 22. Nhf3
b5 23. Qg3 b4 24. cxb4 axb4 25. axb4 c3 26. Bd3 c2 27. Rbc1 Nxc1 28. Rxc1 Rg8
29. Rxc2 Qb7 30. b3 Nb6 31. Nh7 Ra3 32. Rb2 Na4 33. Rb1 Nc3 34. Rb2 Nd1 35. Re2
Rxb3 36. Bc2 Rxe3 37. Bxd1 Rxe2 38. Bxe2 Qxb4 39. Nf6+ Bxf6 40. exf6 Qb1+ 41.
Kh2 Qf5 42. Ng5 Qxf6 43. f5 Qxd4 44. Nh7 Qb2 45. f6 e5 46. Qe3 Qb8 47. Qa3 e4+
48. Kh1 Qb1+ 49. Kh2 Qb8+ 50. g3 Kd8 51. Ng5 Kc7 52. Nxf7 Qb6 53. Kg2 Bxh3+ 54.
Kxh3 Re8 55. Qc3+ Kb8 56. Ng5 d4 57. f7 Rd8 58. Qa3 d3 59. f8=Q dxe2 60. Qf4+
Qc7 61. Qa8+ 1-0

[Event "BL 8889 Solingen-Koblenz"]
[Site "?"]
[Date "1989.??.??"]
[Round "?.8"]
[White "Dueball, J."]
[Black "Morawietz, D."]
[Result "1-0"]
[WhiteElo "2445"]
[BlackElo "2280"]
[PlyCount "75"]
[EventDate "1989.??.??"]

1. e4 c5 2. Nf3 e6 3. d4 cxd4 4. Nxd4 Nf6 5. Nc3 d6 6. g4 h6 7. h4 Be7 8. Qf3
h5 9. Bb5+ Bd7 10. g5 Ng4 11. Qe2 a6 12. Bxd7+ Qxd7 13. f3 Ne5 14. Be3 Nbc6 15.
O-O-O b5 16. f4 Nc4 17. f5 g6 18. Nxc6 Qxc6 19. Bd4 Ne5 20. fxe6 fxe6 21. Bxe5
dxe5 22. Qh2 O-O 23. Qxe5 Rac8 24. Rd2 Rf3 25. Rhd1 b4 26. Nd5 Bf8 27. Nf6+ Kf7
28. Qd4 Qc4 29. Qxc4 Rxc4 30. Rd7+ Be7 31. Rb7 Rf2 32. Rdd7 Rcxc2+ 33. Kd1 Kf8
34. Rb8+ Kf7 35. Re8 Rfd2+ 36. Rxd2 Rxd2+ 37. Kxd2 Bxf6 38. gxf6 1-0

[Event "BL 8889 Bielefeld-Heidelberg"]
[Site "?"]
[Date "1989.??.??"]
[Round "?.1"]
[White "Ostl, A."]
[Black "Keitlinghaus, L."]
[Result "1-0"]
[WhiteElo "2260"]
[BlackElo "2410"]
[PlyCount "79"]
[EventDate "1989.??.??"]

1. Nf3 e6 2. d4 f5 3. c4 Nf6 4. e3 d5 5. cxd5 exd5 6. Bd3 Bd6 7. Qc2 Ne4 8. Nc3
c6 9. h4 O-O 10. Ne2 Qe7 11. g3 Nd7 12. Nf4 Ndf6 13. Ng5 Bd7 14. Rg1 Rae8 15.
Kf1 Ng4 16. Ngh3 Rf6 17. f3 Nxg3+ 18. Rxg3 Nxe3+ 19. Bxe3 Qxe3 20. Ng2 Qxd4 21.
f4 h6 22. Rd1 Qb6 23. h5 Ref8 24. Nh4 c5 25. Be2 Bc6 26. Rg6 Qb4 27. Rxf6 Rxf6
28. Nxf5 Bxf4 29. a3 Qe4 30. Qxe4 dxe4 31. Ne7+ Kf7 32. Nxc6 Be5+ 33. Kg2 Rxc6
34. Rd7+ Kf6 35. Rxb7 Rd6 36. Nf2 Kf5 37. Kf1 Rd2 38. Nd1 a6 39. Ne3+ Kf4 40.
Nc4 1-0

[Event "BL 8889 Bielefeld-Heidelberg"]
[Site "?"]
[Date "1989.??.??"]
[Round "?.3"]
[White "Zuse, P."]
[Black "Pieper Emden, C."]
[Result "1/2-1/2"]
[WhiteElo "2295"]
[BlackElo "2345"]
[PlyCount "167"]
[EventDate "1989.??.??"]

1. e4 c5 2. Nf3 d6 3. d4 cxd4 4. Nxd4 Nf6 5. Nc3 g6 6. Be3 Bg7 7. f3 Nc6 8. Bc4
Bd7 9. Qd2 Rc8 10. Bb3 Ne5 11. Bh6 Bxh6 12. Qxh6 Qa5 13. Nde2 Nc4 14. O-O-O Qh5
15. Qf4 Qc5 16. Rd4 Na5 17. Bd5 Nc6 18. Rd2 b5 19. Qh6 b4 20. Bxc6 Rxc6 21. Nd5
Nxd5 22. exd5 Ra6 23. Kb1 b3 24. Nc3 Bf5 25. axb3 Bd7 26. Qg7 Rf8 27. Re1 Qa5
28. Kc1 Qd8 29. Na4 Bxa4 30. bxa4 Rxa4 31. b3 Rb4 32. Rde2 Rb7 33. Kb2 a5 34.
Qc3 Rc7 35. Qd4 f6 36. Ra1 Kf7 37. h4 Rc5 38. h5 Qa8 39. Qe4 Qxd5 40. hxg6+
hxg6 41. Qxe7+ Kg8 42. Rh1 Qd4+ 43. Ka2 Rh5 44. Rxh5 gxh5 45. Re4 Qd2 46. Rc4
Qxg2 47. Qe6+ Kh8 48. Qxd6 Kg7 49. Kb2 Rf7 50. Qd8 Qxf3 51. Rc8 Kg6 52. Qg8+
Rg7 53. Qe8+ Kh6 54. Rc5 Rg5 55. Qh8+ Kg6 56. Qg8+ Kh6 57. Qh8+ Kg6 58. Rc7 Re5
59. Rg7+ Kf5 60. Qh7+ Kf4 61. Qh6+ Ke4 62. Rc7 Kf5 63. Rc3 Qg4 64. Rc4 Qg5 65.
Qh7+ Qg6 66. Qd7+ Kg5 67. Qd2+ Kf5 68. Rf4+ Ke6 69. Qd8 Qg7 70. Qe8+ Qe7 71.
Qg8+ Qf7 72. Qc8+ Ke7 73. Rc4 Qe8 74. Qb7+ Ke6 75. Rc8 Qe7 76. Rc7 Qd8 77. Qc6+
Kf5 78. Rd7 Qf8 79. Qf3+ Ke6 80. Qh3+ Rf5 81. Rc7 Qd6 82. Rc4 Qe5+ 83. Ka2 Kf7
84. Qd3 1/2-1/2

[Event "BL 8889 Bielefeld-Heidelberg"]
[Site "?"]
[Date "1989.??.??"]
[Round "?.5"]
[White "Grathwohl, R."]
[Black "Gruen, G."]
[Result "1-0"]
[WhiteElo "2310"]
[BlackElo "2380"]
[PlyCount "91"]
[EventDate "1989.??.??"]

1. Nf3 Nf6 2. b3 e6 3. Bb2 d5 4. e3 Be7 5. c4 O-O 6. Be2 b6 7. O-O Bb7 8. Qc2
c5 9. d3 Nc6 10. a3 Rc8 11. Nbd2 Re8 12. Rfe1 Bf8 13. Rac1 d4 14. exd4 cxd4 15.
b4 e5 16. Bf1 Nd7 17. g3 a5 18. b5 Ncb8 19. Bg2 Qc7 20. Qd1 Nc5 21. Ne4 Nxe4
22. dxe4 Nd7 23. Re2 Qd6 24. Ne1 Qe6 25. Rec2 Nc5 26. Qe2 Na4 27. Qd3 Red8 28.
f3 Nc5 29. Qf1 d3 30. Bh3 Qh6 31. Bxc8 Bxc8 32. Rd1 Bh3 33. Ng2 dxc2 34. Rxd8
Nb3 35. f4 Bxg2 36. Kxg2 exf4 37. Qd3 f3+ 38. Kxf3 Qh5+ 39. Kg2 f6 40. Qxc2 Nc5
41. Qd1 Qxd1 42. Rxd1 Nxe4 43. Bd4 Nc5 44. Bxc5 Bxc5 45. Rd5 Bxa3 46. c5 1-0

[Event "BL 8889 Bielefeld-Heidelberg"]
[Site "?"]
[Date "1989.??.??"]
[Round "?.7"]
[White "Neurohr, S."]
[Black "Beilfuss, W."]
[Result "1-0"]
[WhiteElo "2305"]
[BlackElo "2255"]
[PlyCount "65"]
[EventDate "1989.??.??"]

1. d4 d5 2. c4 dxc4 3. Nf3 Nf6 4. Nc3 c5 5. d5 e6 6. e4 exd5 7. e5 Nfd7 8. Bg5
f6 9. exf6 gxf6 10. Nxd5 fxg5 11. Bxc4 Bd6 12. O-O Kf8 13. Re1 Kg7 14. Qd2 Nc6
15. Qc3+ Nf6 16. Rad1 Rf8 17. Nxf6 Rxf6 18. Rd5 Ne7 19. Rxg5+ Ng6 20. Nh4 Qc7
21. Re8 Bxh2+ 22. Kh1 Qf4 23. Rh5 Bg4 24. Nf5+ Bxf5 25. Rxa8 Ne7 26. Rxh2 Qxf2
27. Rh5 Bg6 28. Rh3 Qf5 29. Qe3 Nd5 30. Qh6+ Kf7 31. Qf8+ Ke6 32. Re3+ Kd7 33.
Bb5+ 1-0

[Event "BL 8889 Koblenz-Bielefeld"]
[Site "?"]
[Date "1989.??.??"]
[Round "?.1"]
[White "Keitlinghaus, L."]
[Black "Garcia Palermo, C."]
[Result "1/2-1/2"]
[WhiteElo "2410"]
[BlackElo "2455"]
[PlyCount "65"]
[EventDate "1989.??.??"]

1. c4 e6 2. g3 d5 3. Bg2 Nf6 4. Nf3 Be7 5. O-O O-O 6. d4 c6 7. Nbd2 b6 8. b3
Bb7 9. Bb2 Na6 10. e3 c5 11. Qe2 Rc8 12. Rfd1 Qc7 13. Rac1 dxc4 14. Nxc4 Rfd8
15. dxc5 Rxd1+ 16. Rxd1 Qxc5 17. Bxf6 Bxf6 18. Nd6 Bxf3 19. Bxf3 Rd8 20. Ne4
Rxd1+ 21. Qxd1 Qe7 22. Nxf6+ gxf6 23. Qd4 Nc5 24. b4 Nd7 25. Bg2 Ne5 26. f4 Ng6
27. h3 Kg7 28. Kh2 Qc7 29. h4 Ne7 30. g4 h6 31. Kh3 e5 32. Qe4 Qc3 33. Kh2
1/2-1/2

[Event "BL 8889 Koblenz-Bielefeld"]
[Site "?"]
[Date "1989.??.??"]
[Round "?.2"]
[White "Braga, F."]
[Black "Marjanovic, S."]
[Result "1/2-1/2"]
[WhiteElo "2430"]
[BlackElo "2485"]
[PlyCount "26"]
[EventDate "1989.??.??"]

1. d4 Nf6 2. Nf3 e6 3. Bf4 b6 4. e3 Bb7 5. Nbd2 Be7 6. Bd3 Nh5 7. Bg3 d6 8. Qe2
Nd7 9. O-O-O a6 10. Ne1 g6 11. f4 c5 12. Kb1 Qc7 13. c3 b5 1/2-1/2

[Event "BL 8889 Koblenz-Bielefeld"]
[Site "?"]
[Date "1989.??.??"]
[Round "?.3"]
[White "Pieper Emden, C."]
[Black "Wolf, V."]
[Result "1/2-1/2"]
[WhiteElo "2345"]
[BlackElo "2330"]
[PlyCount "41"]
[EventDate "1989.??.??"]

1. d4 e6 2. c4 Nf6 3. g3 d5 4. Nf3 dxc4 5. Qa4+ Nbd7 6. Bg2 a6 7. Qxc4 b5 8.
Qc6 Rb8 9. Bf4 Nd5 10. Bg5 Be7 11. Bxe7 Qxe7 12. O-O Bb7 13. Qc2 c5 14. Nc3 O-O
15. Nxd5 Bxd5 16. dxc5 Qxc5 17. Qxc5 Nxc5 18. Ne5 Bxg2 19. Kxg2 Rbc8 20. Rfd1
f6 21. Nf3 1/2-1/2

[Event "BL 8889 Koblenz-Bielefeld"]
[Site "?"]
[Date "1989.??.??"]
[Round "?.4"]
[White "Bayer, E."]
[Black "Baumhus, R."]
[Result "0-1"]
[WhiteElo "2370"]
[BlackElo "2335"]
[PlyCount "96"]
[EventDate "1989.??.??"]

1. d4 d5 2. c4 Nc6 3. Nf3 Bg4 4. cxd5 Bxf3 5. dxc6 Bxc6 6. Nc3 e6 7. e4 Bb4 8.
f3 Qh4+ 9. g3 Qf6 10. Be3 O-O-O 11. Qe2 Qg6 12. Bh3 Kb8 13. Qc4 Bxc3+ 14. bxc3
Ne7 15. Qc5 Rhe8 16. Qg5 Qxg5 17. Bxg5 f6 18. Bd2 f5 19. Bg2 Nc8 20. Bg5 Rd7
21. O-O Nd6 22. Rae1 Rf7 23. Bf4 Nc4 24. d5 exd5 25. exd5 Rxe1 26. Rxe1 Bb5 27.
Bf1 Kc8 28. Rb1 Ba6 29. Rb4 Nb6 30. c4 Kd7 31. a4 c5 32. dxc6+ Kxc6 33. Be3 Re7
34. Kf2 Re5 35. Bd4 Ra5 36. Bxg7 Nxa4 37. f4 Nc5 38. g4 Ne4+ 39. Ke3 Ra3+ 40.
Kd4 Nd6 41. Bf8 fxg4 42. Ke5 Re3+ 43. Kf6 Ne4+ 44. Kf5 g3 45. Bg2 gxh2 46. c5
Kc7 47. Rxe4 Bd3 48. Bd6+ Kc6 0-1

[Event "BL 8889 Koblenz-Bielefeld"]
[Site "?"]
[Date "1989.??.??"]
[Round "?.5"]
[White "Gruen, G."]
[Black "Seul, G."]
[Result "1/2-1/2"]
[WhiteElo "2380"]
[BlackElo "2315"]
[PlyCount "49"]
[EventDate "1989.??.??"]

1. d4 Nf6 2. Nf3 c5 3. d5 g6 4. Nc3 Bg7 5. e4 O-O 6. Be2 d6 7. O-O e6 8. Nd2
exd5 9. exd5 Nbd7 10. Nc4 Nb6 11. Ne3 Re8 12. a4 Ne4 13. Nxe4 Rxe4 14. a5 Rd4
15. Bd2 Nxd5 16. Nxd5 Rxd5 17. Bf3 Rf5 18. g4 Re5 19. Bf4 Re6 20. Bd5 Be5 21.
Bxe6 Bxf4 22. Qf3 Bxh2+ 23. Kxh2 Bxe6 24. Kg3 h5 25. gxh5 1/2-1/2

[Event "BL 8889 Koblenz-Bielefeld"]
[Site "?"]
[Date "1989.??.??"]
[Round "?.6"]
[White "Schlick, V."]
[Black "Peist, J."]
[Result "1-0"]
[WhiteElo "2290"]
[BlackElo "2350"]
[PlyCount "75"]
[EventDate "1989.??.??"]

1. Nf3 Nf6 2. c4 c5 3. Nc3 b6 4. g3 Bb7 5. Bg2 e6 6. O-O a6 7. d4 cxd4 8. Qxd4
d6 9. b3 Nbd7 10. Rd1 Be7 11. e4 Qc8 12. Ba3 Nc5 13. Bxc5 bxc5 14. Qe3 O-O 15.
h3 Nd7 16. Rd2 Qc7 17. Rad1 Rad8 18. Nh2 Nb8 19. f4 Rfe8 20. Qf2 Nc6 21. Kh1
Nd4 22. Ne2 Nxe2 23. Qxe2 Bf6 24. Qh5 g6 25. Qh6 Qe7 26. Ng4 e5 27. Nxf6+ Qxf6
28. f5 Qe7 29. g4 gxf5 30. exf5 Bxg2+ 31. Rxg2 Qf8 32. Qe3 e4 33. f6 Re5 34.
Rgd2 Kh8 35. Kh2 d5 36. Qf4 Qd6 37. Rc1 e3 38. Re2 1-0

[Event "BL 8889 Koblenz-Bielefeld"]
[Site "?"]
[Date "1989.??.??"]
[Round "?.7"]
[White "Fischdick, G."]
[Black "Bohn, T."]
[Result "0-1"]
[WhiteElo "2305"]
[BlackElo "2205"]
[PlyCount "58"]
[EventDate "1989.??.??"]

1. d4 e6 2. Nf3 f5 3. g3 Nf6 4. Bg2 Be7 5. O-O O-O 6. Nbd2 d6 7. c3 Qe8 8. Qc2
Qg6 9. Re1 Nc6 10. e4 f4 11. b4 a6 12. Qb3 Kh8 13. e5 Ng4 14. Nf1 fxg3 15. hxg3
dxe5 16. dxe5 Qh5 17. Bf4 g5 18. Bd2 Bd7 19. Rad1 Nxf2 20. Kxf2 g4 21. Bf4 Rxf4
22. gxf4 gxf3 23. Bxf3 Bh4+ 24. Ke3 Qh6 25. Rxd7 Bxe1 26. Qc4 Rf8 27. Qe4 Rxf4
28. Qxf4 Bf2+ 29. Kxf2 Qxf4 0-1

[Event "BL 8889 Heidelberg-Solingen"]
[Site "?"]
[Date "1989.??.??"]
[Round "?.2"]
[White "Cicak, S."]
[Black "Kavalek, L."]
[Result "0-1"]
[WhiteElo "2345"]
[BlackElo "2565"]
[PlyCount "104"]
[EventDate "1989.??.??"]

1. e4 Nc6 2. d4 e5 3. d5 Nce7 4. Nf3 d6 5. c4 f5 6. Nc3 Nf6 7. Bd3 f4 8. g3 Ng6
9. gxf4 exf4 10. e5 Nxe5 11. Bxf4 Nxd3+ 12. Qxd3 Be7 13. O-O-O O-O 14. Ng5 g6
15. Ne6 Bxe6 16. dxe6 Ng4 17. Bg3 Nxf2 18. Bxf2 Rxf2 19. Rdf1 Qf8 20. Nd5 Re8
21. Nxc7 Bg5+ 22. Kb1 Re7 23. h4 Bxh4 24. Nb5 Rxe6 25. Rxf2 Bxf2 26. Qd5 Qf5+
27. Qxf5 gxf5 28. Rf1 Re1+ 29. Rxe1 Bxe1 30. Nxd6 h5 31. Nxf5 h4 32. Ne3 Bg3
33. Nf1 Bf4 34. Kc2 h3 35. Kd3 h2 36. Nxh2 Bxh2 37. Kd4 Kf7 38. Kd5 Ke7 39. c5
Kd7 40. b4 Bg3 41. a4 Be1 42. b5 b6 43. c6+ Ke7 44. Ke5 Bg3+ 45. Kd5 Bc7 46.
Ke4 Ke6 47. Kd4 Kd6 48. Kc4 Ke5 49. Kc3 Kd5 50. Kb3 Kc5 51. Kc3 Bb8 52. Kb3 Be5
0-1